| 000 | 00396cam a22001337a 4500 | ||
|---|---|---|---|
| 008 | 180718b1966 xxu||||| |||| 00| 0 eng d | ||
| 082 | _aT2196x54 D85 | ||
| 100 | _aDua, D.R. | ||
| 245 |
_aSmall industries and handicrafts: a comparhensive guide _cby D.R. Dua |
||
| 260 |
_aNew Delhi _bSarvodaya _c1966 |
||
| 300 | _a107p. | ||
| 650 | _aSmall business --India | ||
| 650 | _aCottage industries --India | ||
| 999 |
_c364513 _d364513 |
||